Economic analysis of enterprises: methodological aspects; Journal of Economics and Social Sciences; № 12

מידע ביבליוגרפי
Parent link:Journal of Economics and Social Sciences: electronic scientific journal.— , 2012-.— 2312-2978
№ 12.— 2018.— [3 p.]
מחבר ראשי: Khoroshiltsev M. I.
מחבר תאגידי: National Research Tomsk Polytechnic University (TPU)
סיכום:Title screen
Enterprise analysis plays an important role in enterprise management. The goal of the analysis is, on the one hand, todetermine the efficiency of enterprise performance for the reporting period and to set goals, and, on the other hand, toestablish the potential areas for enterprise activities for the current period and in the perspective by considering thenecessary material, financial and labour resources. Therefore, the targeted analysis has to be carried out in order to findout such opportunities and reserves of an enterprise that would ensure an optimal use of the existing resources.Analysis of enterprise performance is not solely one of the management functions, but also a way of thinking for whicha certain database is required. Furthermore, the quality of analysis depends on the overall enterprise level of financialaccounting and the quality of reporting, and the extent to which the figures included therein are true and fair.
שפה:אנגלית
יצא לאור: 2018
סדרה:Экономические науки
נושאים:
גישה מקוונת:http://earchive.tpu.ru/handle/11683/49522
פורמט: MixedMaterials אלקטרוני Book Chapter
KOHA link:https://koha.lib.tpu.ru/cgi-bin/koha/opac-detail.pl?biblionumber=578265

MARC

LEADER 00000naa2a2200000 4500
001 578265
005 20231101130437.0
035 |a (RuTPU)RU\TPU\prd\277818 
035 |a RU\TPU\prd\277816 
090 |a 578265 
100 |a 20180620a2018 k y0rusy50 ba 
101 0 |a eng 
102 |a RU 
135 |a drcn ---uucaa 
181 0 |a i  
182 0 |a b 
200 1 |a Economic analysis of enterprises: methodological aspects  |f M. I. Khoroshiltsev 
203 |a Text  |c electronic 
215 |a 1 файл (190 Кб) 
225 1 |a Экономические науки 
230 |a Электронные текстовые данные (1 файл : 190 Кб) 
300 |a Title screen 
320 |a [References: 5 tit.] 
330 |a Enterprise analysis plays an important role in enterprise management. The goal of the analysis is, on the one hand, todetermine the efficiency of enterprise performance for the reporting period and to set goals, and, on the other hand, toestablish the potential areas for enterprise activities for the current period and in the perspective by considering thenecessary material, financial and labour resources. Therefore, the targeted analysis has to be carried out in order to findout such opportunities and reserves of an enterprise that would ensure an optimal use of the existing resources.Analysis of enterprise performance is not solely one of the management functions, but also a way of thinking for whicha certain database is required. Furthermore, the quality of analysis depends on the overall enterprise level of financialaccounting and the quality of reporting, and the extent to which the figures included therein are true and fair. 
461 1 |0 (RuTPU)RU\TPU\prd\225573  |x 2312-2978  |t Journal of Economics and Social Sciences  |o electronic scientific journal  |d 2012- 
463 1 |0 (RuTPU)RU\TPU\prd\277806  |t № 12  |v [3 p.]  |d 2018 
610 1 |a труды учёных ТПУ 
610 1 |a электронный ресурс 
610 1 |a financial analysis 
610 1 |a economy analysis 
610 1 |a economic efficiency 
610 1 |a финансовый анализ 
610 1 |a экономический анализ 
610 1 |a экономическая эффективность 
700 1 |a Khoroshiltsev  |b M. I. 
712 0 2 |a National Research Tomsk Polytechnic University (TPU)  |2 stltpush  |3 (RuTPU)RU\TPU\col\18773 
801 1 |a RU  |b 63413507  |c 20090623  |g PSBO 
801 2 |a RU  |b 63413507  |c 20180718  |g PSBO 
856 4 |u http://earchive.tpu.ru/handle/11683/49522 
942 |c BK